<?xml version="1.0" encoding="UTF-8"?>
<record
    xmlns:xsi="http://www.w3.org/2001/XMLSchema-instance"
    xsi:schemaLocation="http://www.loc.gov/MARC21/slim http://www.loc.gov/standards/marcxml/schema/MARC21slim.xsd"
    xmlns="http://www.loc.gov/MARC21/slim">

  <leader>01992nam a2200313Ia 4500</leader>
  <controlfield tag="003">OSt</controlfield>
  <controlfield tag="005">20201111164402.0</controlfield>
  <controlfield tag="008">200115s9999    xx            000 0 und d</controlfield>
  <datafield tag="020" ind1=" " ind2=" ">
    <subfield code="a">9584301934</subfield>
  </datafield>
  <datafield tag="040" ind1=" " ind2=" ">
    <subfield code="a">CO-BoRNBP</subfield>
    <subfield code="b">spa</subfield>
    <subfield code="e">rda</subfield>
    <subfield code="c">CO-BoRNBP</subfield>
  </datafield>
  <datafield tag="041" ind1=" " ind2=" ">
    <subfield code="a">spa</subfield>
  </datafield>
  <datafield tag="084" ind1=" " ind2=" ">
    <subfield code="a">N BAR5</subfield>
  </datafield>
  <datafield tag="100" ind1="1" ind2=" ">
    <subfield code="a">Barrie, James Matthew, 18601937</subfield>
  </datafield>
  <datafield tag="245" ind1=" " ind2="0">
    <subfield code="a">Peter Pan  [Registro sonoro] /</subfield>
    <subfield code="c"> J. M., Barrie ; le&#xED;do por Carlos Mu&#xF1;oz ; traducci&#xF3;n y adaptaci&#xF3;n Bill Enr&#xED;quez</subfield>
  </datafield>
  <datafield tag="264" ind1=" " ind2="1">
    <subfield code="a">Bogot&#xE1; :</subfield>
    <subfield code="b"> Fonolibros de Colombia,</subfield>
    <subfield code="c"> Yoyo Libros</subfield>
  </datafield>
  <datafield tag="300" ind1=" " ind2=" ">
    <subfield code="a">1 disco compacto en formato MP3  (184 minutos) :</subfield>
    <subfield code="b"> sonoro digital ;</subfield>
    <subfield code="c"> 13 cm.</subfield>
  </datafield>
  <datafield tag="336" ind1=" " ind2=" ">
    <subfield code="a">texto</subfield>
    <subfield code="b">txt</subfield>
    <subfield code="2">rdacontent</subfield>
  </datafield>
  <datafield tag="337" ind1=" " ind2=" ">
    <subfield code="a">sin mediaci&#xF3;n</subfield>
    <subfield code="b">n</subfield>
    <subfield code="2">rdamedia</subfield>
  </datafield>
  <datafield tag="338" ind1=" " ind2=" ">
    <subfield code="a">volumen</subfield>
    <subfield code="b">nc</subfield>
    <subfield code="2">rdacarrier</subfield>
  </datafield>
  <datafield tag="490" ind1="0" ind2=" ">
    <subfield code="a">Audio Libros Literatura para o&#xED;r</subfield>
  </datafield>
  <datafield tag="500" ind1=" " ind2=" ">
    <subfield code="a">Disco compacto en formato MP3 \  Resumen, tomado del estuche del disco compacto: "Uno de los m&#xE1;s amados personajes de toda la literatura infantil es Peter Pan, el ni&#xF1;o que no quer&#xED;a crecer y que hac&#xED;a realidad todas las aventuras con que los ni&#xF1;os de todas las edades sue&#xF1;an. Por eso, en esta bella novela, que no s&#xF3;lo es para ni&#xF1;os sino tambi&#xE9;n para adultos, est&#xE1; el Hada celosa, el capit&#xE1;n pirata en busca de vengarse, la familia pobre que tiene que usar un perro en lugar de una ni&#xF1;era y las feroces tribus ind&#xED;genas todos haciendo marco a los ni&#xF1;os perdidos que siguen las &#xF3;rdenes de Peter Pan. Con una gran dosis de humor, Peter Pan no s&#xF3;lo ha sido un libro predilecto, sino que en innumerables ocasiones ha sido llevado al cine y el teatro" \ Recomendado para un p&#xFA;blico infantil mayor de 9 a&#xF1;os</subfield>
  </datafield>
  <datafield tag="650" ind1="1" ind2="7">
    <subfield code="a">Autores ingleses  siglo xx  audiolibros</subfield>
  </datafield>
  <datafield tag="650" ind1="1" ind2="7">
    <subfield code="a">Historias de aventuras  novela  audiolibros</subfield>
  </datafield>
  <datafield tag="650" ind1="1" ind2="7">
    <subfield code="a">Literatura inglesa  siglo xx  audiolibros</subfield>
  </datafield>
  <datafield tag="650" ind1="1" ind2="7">
    <subfield code="a">Novela fantastica inglesa  siglo xx  audiolibros</subfield>
  </datafield>
  <datafield tag="650" ind1="1" ind2="7">
    <subfield code="a">Novela inglesa  siglo xx  audiolibros</subfield>
  </datafield>
  <datafield tag="700" ind1="1" ind2=" ">
    <subfield code="a">Mu&#xF1;oz, Carlos \ Enriquez, Bill</subfield>
  </datafield>
  <datafield tag="942" ind1=" " ind2=" ">
    <subfield code="2">ddc</subfield>
    <subfield code="c">AUDIOLIBRO</subfield>
  </datafield>
  <datafield tag="999" ind1=" " ind2=" ">
    <subfield code="c">12619</subfield>
    <subfield code="d">12619</subfield>
  </datafield>
  <datafield tag="952" ind1=" " ind2=" ">
    <subfield code="0">0</subfield>
    <subfield code="1">0</subfield>
    <subfield code="2">ddc</subfield>
    <subfield code="4">2</subfield>
    <subfield code="7">0</subfield>
    <subfield code="8">MUL</subfield>
    <subfield code="a">BPMOS</subfield>
    <subfield code="b">BPMOS</subfield>
    <subfield code="d">2020-11-11</subfield>
    <subfield code="i">NT</subfield>
    <subfield code="l">0</subfield>
    <subfield code="o">N BAR5</subfield>
    <subfield code="p">MOS500192</subfield>
    <subfield code="r">2020-11-11</subfield>
    <subfield code="t">Ej1</subfield>
    <subfield code="w">2020-11-11</subfield>
    <subfield code="y">AUDIOLIBRO</subfield>
    <subfield code="z">Ocho dias</subfield>
  </datafield>
</record>
